Central Library OPAC University of Rajshahi

Prospecting and exploration of mineral deposits / (Record no. 70959)

MARC details
000 -LEADER
fixed length control field 00948nam a2200289 a 4500
001 - CONTROL NUMBER
control field 70959
003 - CONTROL NUMBER IDENTIFIER
rucl marc code BD-RjUL
005 - DATE AND TIME OF LATEST TRANSACTION
control field 20211209082049.0
008 - FIXED-LENGTH DATA ELEMENTS--GENERAL INFORMATION
fixed length control field 170423s1978 ne a b 001 0 eng
020 ## - INTERNATIONAL STANDARD BOOK NUMBER
International Standard Book Number 0444998764
035 ## - SYSTEM CONTROL NUMBER
System control number (BD-RjUL)71173
040 ## - CATALOGING SOURCE
Original cataloging agency DLC
Transcribing agency DLC
Modifying agency BD-RjUL
Language of cataloging eng
041 1# - LANGUAGE CODE
Language code of text/sound track or separate title engcze
082 00 - DEWEY DECIMAL CLASSIFICATION NUMBER
Classification number 330.9
Edition number 23
Author mark and year KUP 1978
100 1# - MAIN ENTRY--PERSONAL NAME
Personal name Kužvart, Miloš.
9 (RLIN) 209979
245 10 - TITLE STATEMENT
Title Prospecting and exploration of mineral deposits /
Statement of responsibility, etc. Miloš Kužvart and Miloslav Böhmer.
260 ## - PUBLICATION, DISTRIBUTION, ETC. (IMPRINT)
Place of publication, distribution, etc. Amsterdam ;
-- New York :
Name of publisher, distributor, etc. Elsevier,
Date of publication, distribution, etc. 1978.
300 ## - PHYSICAL DESCRIPTION
Pagination 431 p. :
Illustrations ill. ;
Size 25 cm.
490 0# - SERIES STATEMENT
Series statement Developments in economic geology ; 8
500 ## - GENERAL NOTE
General note Translation of Vyhledávání a průzkum ložisek nerostných surovin.
General note Errata slip inserted.
General note Includes index.
504 ## - BIBLIOGRAPHY, ETC. NOTE
Bibliography, etc Bibliography: p. 407-416.
650 #0 - SUBJECT ADDED ENTRY--TOPICAL TERM
Topical term or geographic name as entry element Prospecting.
9 (RLIN) 209980
700 1# - ADDED ENTRY--PERSONAL NAME
Personal name Böhmer, Miloslav,
Relator term joint author.
942 ## - ADDED ENTRY ELEMENTS (KOHA)
Source of classification or shelving scheme Dewey Decimal Classification
Koha item type Books
Holdings
Lost status Source of classification or shelving scheme Damaged status Not for loan Collection code Permanent Location Current Location Shelving location Date acquired Source of acquisition Total Checkouts Full call number Date last seen Copy number Koha item type
  Dewey Decimal Classification   Not For Loan Non-fiction Central Library, University of Rajshahi Central Library, University of Rajshahi Reading Room 30/10/1980 Netharland   330.9 KUP 1978 23/04/2017 C-1 Books